| 000 | 00610nam a2200241Ia 4500 | ||
|---|---|---|---|
| 003 | 0100 | ||
| 008 | 130307s9999 xx 000 0 und d | ||
| 020 | _a0802805612 | ||
| 040 | _cARRUPELIB | ||
| 050 | _aBS2615.2.C64 1990 | ||
| 100 | _aCollins, Raymond F | ||
| 245 | _aThese things have been written | ||
| 245 | _bstudies on the Fourth Gospel | ||
| 260 | _aLouvain | ||
| 260 | _bPeeters Press | ||
| 260 | _c1990. | ||
| 300 | _axiii | ||
| 300 | _b277 p. 21 cm. | ||
| 440 | _aLouvain theological & pastoral monographs ;2 | ||
| 650 | _aBIBLE | ||
| 650 | _bBeads--Religious aspects | ||
| 942 | 0 | 0 | _01 |
| 999 |
_c97302 _d97302 |
||